| 000 | 03736nam a22004575i 4500 | ||
|---|---|---|---|
| 001 | ssj0002423792 | ||
| 003 | WaSeSS | ||
| 005 | 20220426160952.0 | ||
| 006 | m d | ||
| 007 | cr n | ||
| 008 | 200625s2020 xxu| o |||| 0|eng d | ||
| 020 | _a9781484250693 | ||
| 024 | 7 |
_a10.1007/978-1-4842-5070-9 _2doi |
|
| 040 |
_dWaSeSS _cAIMIT LIBRARY |
||
| 050 | 4 | _aTK5105.5-5105.9 | |
| 072 | 7 |
_aUKN _2bicssc |
|
| 072 | 7 |
_aCOM075000 _2bisacsh |
|
| 072 | 7 |
_aUKN _2thema |
|
| 082 | 0 | 4 |
_a004.69 _21 _bHODP |
| 092 | _aEBOOK | ||
| 100 | 1 |
_aHoddie, Peter. _932077 |
|
| 245 | 1 | 0 |
_aIoT development for esp32 and esp8266 with javascript _bpractical guide to xs and the moddable sdk / _cBy Peter Hoddie and Lizzie Prader. |
| 250 | _a1st ed. | ||
| 260 |
_aBerkeley, CA : _bApress : _bImprint: Apress , _c2022. |
||
| 300 |
_axxxv,593p. ; _bPB _c23.5 cm. |
||
| 347 |
_atext file _bPDF _2rda |
||
| 505 | 0 | _aChapter 1: Getting Started -- Chapter 2: JavaScript for Embedded C and C++ Programmers -- Chapter 3: Networking -- Chapter 4: Bluetooth Low Energy (BLE) -- Chapter 5: Files and Data -- Chapter 6: Hardware -- Chapter 7: Audio -- Chapter 8: Graphics Fundamentals -- Chapter 9: Drawing Graphics with Poco -- Chapter 10: Building User Interfaces with Piu -- Chapter 11: Adding native code. | |
| 506 | _aRequires an SPL library card. | ||
| 520 | _aThis book introduces a new approach to embedded development, grounded in modern, industry-standard JavaScript. Using the same language that powers web browsers and Node.js, the Moddable SDK empowers IoT developers to apply many of the same tools and techniques used to build sophisticated websites and mobile apps. The Moddable SDK enables you to unlock the full potential of inexpensive microcontrollers like the ESP32 and ESP8266. Coding for these microcontrollers in C or C++ with the ESP-IDF and Arduino SDKs works for building basic products but doesn't scale to handle the increasingly complex IoT products that customers expect. The Moddable SDK adds the lightweight XS JavaScript engine to those traditional environments, accelerating development with JavaScript while keeping the performance benefits of a native SDK. Building user interfaces and communicating over the network are two areas where JavaScript really shines. IoT Development for ESP32 and ESP8266 with JavaScriptshows you how to build responsive touch screen user interfaces using the Piu framework. You'll learn how easy it is to securely send and receive JSON data over Wi-Fi with elegant JavaScript APIs for common IoT protocols, including HTTP/HTTPS, WebSocket, MQTT, and mDNS. You'll also learn how to integrate common sensors and actuators, Bluetooth Low Energy (BLE), file systems, and more into your projects, and you'll see firsthand how JavaScript makes it easier to combine these diverse technologies. If you're an embedded C or C++ developer who has never worked in JavaScript, don't worry. This book includes an introduction to the JavaScript language just for embedded developers experienced with C or C++. | ||
| 538 | _aMode of access: World Wide Web. | ||
| 650 | 0 |
_aComputer networks _932078 |
|
| 650 | 0 |
_aComputer input-output equipment _932079 |
|
| 655 | 7 |
_aElectronic books. _2local _932080 |
|
| 700 | 1 |
_aPrader, Lizzie. _932081 |
|
| 773 | 0 | _tSpringer Nature eBook | |
| 776 | 0 | 8 |
_iPrinted edition: _z9781484250693 |
| 776 | 0 | 8 |
_iPrinted edition: _z9781484250716 |
| 856 | 4 | 0 |
_yView this electronic item in O'Reilly Online Learning: Academic/Public Library Edition. _uhttps://ezproxy.spl.org/login?url=https://learning.oreilly.com/library/view/~/9781484250709/?ar _zAn e-book available through full-text database. |
| 942 |
_2ddc _cBK _e1st _k004.49 HODP |
||
| 999 |
_c222648 _d222648 |
||
| 999 | _b03678186 | ||